<?xml version="1.0" encoding="UTF-8"?>
<record
    xmlns:xsi="http://www.w3.org/2001/XMLSchema-instance"
    xsi:schemaLocation="http://www.loc.gov/MARC21/slim http://www.loc.gov/standards/marcxml/schema/MARC21slim.xsd"
    xmlns="http://www.loc.gov/MARC21/slim">

  <leader>01910cam a2200349 a 4500</leader>
  <controlfield tag="003">EG-GiCUC</controlfield>
  <controlfield tag="005">20250223030916.0</controlfield>
  <controlfield tag="008">131218s2013    ua dh  f m    000 0 eng d</controlfield>
  <datafield tag="040" ind1=" " ind2=" ">
    <subfield code="a">EG-GiCUC</subfield>
    <subfield code="b">eng</subfield>
    <subfield code="c">EG-GiCUC</subfield>
  </datafield>
  <datafield tag="041" ind1="0" ind2=" ">
    <subfield code="a">eng</subfield>
  </datafield>
  <datafield tag="049" ind1=" " ind2=" ">
    <subfield code="a">Deposite</subfield>
  </datafield>
  <datafield tag="097" ind1=" " ind2=" ">
    <subfield code="a">Ph.D</subfield>
  </datafield>
  <datafield tag="099" ind1=" " ind2=" ">
    <subfield code="a">Cai01.11.15.Ph.D.2013.Ah.V</subfield>
  </datafield>
  <datafield tag="100" ind1="0" ind2=" ">
    <subfield code="a">Ahmed Mohamed Mahmoud Ibrahim</subfield>
  </datafield>
  <datafield tag="245" ind1="1" ind2="0">
    <subfield code="a">Validity of a new scoring system using transvaginal ultrasonography and color doppler flow imaging in evaluation of adnexal masses / </subfield>
    <subfield code="c">Ahmed Mohamed Mahmoud Ibrahim ; Supervised Mohamed Hany Shehata , Dalal Anwar Elwy , Hazem Salah Eldin Elashmawy</subfield>
  </datafield>
  <datafield tag="246" ind1="1" ind2="5">
    <subfield code="a">&#x635;&#x644;&#x627;&#x62D;&#x64A;&#x629; &#x646;&#x638;&#x627;&#x645; &#x627;&#x644;&#x62A;&#x642;&#x64A;&#x64A;&#x645; &#x627;&#x644;&#x62C;&#x62F;&#x64A;&#x62F; &#x644;&#x62A;&#x648;&#x631;&#x645;&#x627;&#x62A; &#x645;&#x644;&#x62D;&#x642;&#x627;&#x62A; &#x627;&#x644;&#x631;&#x62D;&#x645; &#x628;&#x627;&#x633;&#x62A;&#x62E;&#x62F;&#x627;&#x645; &#x627;&#x644;&#x645;&#x648;&#x62C;&#x627;&#x62A; &#x641;&#x648;&#x642; &#x627;&#x644;&#x635;&#x648;&#x62A;&#x64A;&#x629; &#x627;&#x644;&#x645;&#x647;&#x628;&#x644;&#x64A;&#x629; &#x648; &#x627;&#x644;&#x62F;&#x648;&#x628;&#x644;&#x631; &#x627;&#x644;&#x645;&#x644;&#x648;&#x646;</subfield>
  </datafield>
  <datafield tag="260" ind1=" " ind2=" ">
    <subfield code="a">Cairo : </subfield>
    <subfield code="b">Ahmed Mohamed Mahmoud Ibrahim , </subfield>
    <subfield code="c">2013</subfield>
  </datafield>
  <datafield tag="300" ind1=" " ind2=" ">
    <subfield code="a">165 P. : </subfield>
    <subfield code="b">charts , facsimiles ; </subfield>
    <subfield code="c">25cm</subfield>
  </datafield>
  <datafield tag="502" ind1=" " ind2=" ">
    <subfield code="a">Thesis (Ph.D.) - Cairo University - Faculty of Medicine - Department of Gynecology and Obstetrics</subfield>
  </datafield>
  <datafield tag="520" ind1=" " ind2=" ">
    <subfield code="a">Adnexal masses are considered a group of the most common diseases in gynecology. Ovarian tumors, alone, represent two thirds of these cases. 2D ultrasound and CA 125 separately were the main diagnostic tools in provisional diagnosis of these adnexal masses. Now, morphological scoring systems can help in accurately predicting the nature of the mass with the help of pulsed wave doppler and ultrasonography</subfield>
  </datafield>
  <datafield tag="530" ind1=" " ind2=" ">
    <subfield code="a">Issued also as CD</subfield>
  </datafield>
  <datafield tag="653" ind1=" " ind2="4">
    <subfield code="a">Adnexal masses</subfield>
  </datafield>
  <datafield tag="653" ind1=" " ind2="4">
    <subfield code="a">Alcazar scoring system</subfield>
  </datafield>
  <datafield tag="653" ind1=" " ind2="4">
    <subfield code="a">Ultrasonography</subfield>
  </datafield>
  <datafield tag="700" ind1="0" ind2=" ">
    <subfield code="a">Dalal Anwar Elwy , </subfield>
    <subfield code="e">Supervisor</subfield>
  </datafield>
  <datafield tag="700" ind1="0" ind2=" ">
    <subfield code="a">Hazem Salah Eldin Elashmawy , </subfield>
    <subfield code="e">Supervisor</subfield>
  </datafield>
  <datafield tag="700" ind1="0" ind2=" ">
    <subfield code="a">Mohamed Hany Shehata , </subfield>
    <subfield code="e">Supervisor</subfield>
  </datafield>
  <datafield tag="856" ind1=" " ind2=" ">
    <subfield code="u">http://172.23.153.220/th.pdf</subfield>
  </datafield>
  <datafield tag="905" ind1=" " ind2=" ">
    <subfield code="a">Nazla</subfield>
    <subfield code="e">Revisor</subfield>
  </datafield>
  <datafield tag="905" ind1=" " ind2=" ">
    <subfield code="a">Samia</subfield>
    <subfield code="e">Cataloger</subfield>
  </datafield>
  <datafield tag="942" ind1=" " ind2=" ">
    <subfield code="2">ddc</subfield>
    <subfield code="c">TH</subfield>
  </datafield>
  <datafield tag="999" ind1=" " ind2=" ">
    <subfield code="c">44504</subfield>
    <subfield code="d">44504</subfield>
  </datafield>
  <datafield tag="952" ind1=" " ind2=" ">
    <subfield code="2">ddc</subfield>
    <subfield code="7">0</subfield>
    <subfield code="a">CUCL</subfield>
    <subfield code="b">cl210</subfield>
    <subfield code="d">2024-02-11</subfield>
    <subfield code="o">Cai01.11.15.Ph.D.2013.Ah.V</subfield>
    <subfield code="p">01010110061536000</subfield>
    <subfield code="r">2023-09-22 00:00:00</subfield>
    <subfield code="y">TH</subfield>
  </datafield>
  <datafield tag="952" ind1=" " ind2=" ">
    <subfield code="2">ddc</subfield>
    <subfield code="7">0</subfield>
    <subfield code="a">CUCL</subfield>
    <subfield code="b">cl2u8</subfield>
    <subfield code="d">2024-02-11</subfield>
    <subfield code="o">Cai01.11.15.Ph.D.2013.Ah.V</subfield>
    <subfield code="p">01020110061536000</subfield>
    <subfield code="r">2023-09-22 00:00:00</subfield>
    <subfield code="t">61536.CD</subfield>
    <subfield code="y">CD</subfield>
  </datafield>
</record>
